000 00637nam a22001937a 4500
003 NUST-PNEC
005 20170116180723.0
008 141029b xxu||||| |||| 00| 0 eng d
040 _cPNEC
082 _a621.381'325 MOT
100 _9858
_aMotorola
245 _aCommunications device data :
250 _aRevised ed.
260 _aPhoenix, Ariz. :
_bMotorola,
_cc1995.
300 _a1 vol (various pagings)
_c24 cm.
500 _ahttp://www.amazon.com/Communications-Device-Data/dp/B000GHH0T6/ref=sr_1_6?s=books&ie=UTF8&qid=1414566610&sr=1-6&keywords=communications+device+data+by+motorola
650 _xEL, EE
942 _2ddc
_cBK
999 _c61488
_d61488